000 00791nam a22002295i 4500
001 171778
003 ES-MaACL
005 20230906214728.0
008 090529s1915 fr |||| | fre d
080 _a782.6
100 1 _aOrdonneau, Maurice.
_987185
245 1 3 _aLa Cocarde de Mimi-Pinson
_b: opérette en trois actes /
_cde Maurice Ordonneau & Francis Gally ; musique de Henri Goublier, fils.
260 _aParis :
_bChoudens,
_c1915.
300 _a144 p. ;
_c18 cm.
490 1 _aRépertoire Choudens
650 1 4 _aOperetas-
_vLibretos.
_9139352
700 1 _aGally, Francis.
_9140414
700 1 _aGoublier, Henri.
_9140415
830 0 _aRépertoire Choudens
_9189038
852 4 _aES-MaACL
_jE-12688
_9R.190347
_z. - Biblioteca Jacinto Martínez Lacalle
999 _c171778
_d171778